000 00862nas a2200301 4500
001 BR2011003758
003 BR-BrBNA
005 20231205115420.0
007 ta
008 230509b bl.|||p| |||| 00| 00por d
040 _aBR-BrBNA
_bpor
_cBiblioteca Nacional de Agricultura
041 _a(Pt)
072 _aL74; L70
100 1 _aTanaka, N.M.
100 1 _aHoogevonink, N.
100 1 _aTucholski, A.P.
100 1 _aTrapp, S.M.
100 1 _aFrehse, M.S.
245 1 _aMegaesôfago em cães
650 _aCÃO
650 _aDISTÚRBIO FISIOLÓGICO
650 _aVETERINÁRIA
650 _aCIRURGIA
650 _aDIAGNÓSTICO
773 0 _tRevista Acadêmica. Ciências Agrárias e Ambientais (Brazil)
_xISSN 0103-989X
_g(Jul-Sep 2010), v. 8(3) p. 271-279
_wBR2011003758
909 _a202311
_bLúcia
_c55
_dLúcia Elande
942 _2AGRIS
_n0
_cANA
999 _c213686
_d213686